[Event "TCh-FRA Top 16 GpA 2023"]
[Site "Chartres FRA"]
[Date "2023.06.01"]
[Round "1.4"]
[Board "1"]
[White "Fedoseev, Vladimir3"]
[Black "Korobov, Anton"]
[Result "0-1"]
[WhiteTitle "GM"]
[BlackTitle "GM"]
[WhiteElo "2676"]
[BlackElo "2661"]
[WhiteTeam "Cappelle la Grande"]
[BlackTeam "Echiquier Chalonnais"]
[WhiteFideId "24130737"]
[BlackFideId "14105730"]
[EventDate "2023.06.01"]

1. e4 c5 2. d4 cxd4 3. Qxd4 Nc6 4. Qd3 a6 5. Nc3 e6 6. Bf4 b5 7. O-O-O Bb7 8.
Nf3 Rc8 9. Qe3 Nf6 10. Kb1 Ng4 11. Qe1 Bc5 12. Bg3 Qb6 13. Rd2 Bb4 14. Nd5 Bxd2
15. Nxb6 Bxe1 16. Nxe1 Rd8 17. c4 Nge5 18. cxb5 axb5 19. Nc2 Ba6 20. a4 Rb8 21.
Nd5 exd5 22. exd5 f6 23. dxc6 dxc6 24. Nd4 Bb7 25. Be2 Rd8 26. Rd1 bxa4 27. f4
c5 28. fxe5 Rxd4 29. Rc1 Kf7 30. exf6 gxf6 31. Rxc5 Rc8 32. Rxc8 Bxc8 33. Kc2
Rb4 34. Bf2 Bf5+ 35. Kc1 Be4 36. g3 Ke6 37. Be1 Rb8 38. Bc3 Rd8 39. Bb5 Ra8 40.
Kd2 a3 41. bxa3 Rxa3 42. Bb2 Ra7 43. Be2 Bd5 44. Bg4+ f5 45. Bd1 Ra2 46. Kc1 h6
47. Kb1 Ra7 48. Bc3 Ra3 49. Bg7 Bf3 50. Bxf3 Rxf3 51. Bxh6 Kd5 52. Kc1 Rf1+ 53.
Kd2 Rf2+ 54. Ke3 Rxh2 55. Bg7 Ra2 56. Kf3 Ra4 57. Bf6 Rb4 58. Be7 Re4 59. Bg5
Kd4 60. Bf4 Re1 61. Bg5 Rf1+ 62. Kg2 Rb1 63. Kf3 Ke5 64. Bf4+ Kd5 65. Bh6 Rb3+
66. Kf4 Ke6 67. Bg7 Rb7 68. Bc3 Rb1 69. Bg7 Kf7 70. Be5 Kg6 71. Kf3 Rb3+ 72. Kf4
Rb5 73. Bc3 Rb1 74. Bd2 Rd1 75. Bc3 Rf1+ 76. Ke3 Kh5 77. Ke2 Rc1 78. Be5 Kg4 79.
Kf2 Rc2+ 80. Kg1 Kf3 0-1

[Event "TCh-FRA Top 16 GpA 2023"]
[Site "Chartres FRA"]
[Date "2023.06.01"]
[Round "1.4"]
[Board "2"]
[White "Grandelius, Nils"]
[Black "Edouard, Romain"]
[Result "1-0"]
[WhiteTitle "GM"]
[BlackTitle "GM"]
[WhiteElo "2674"]
[BlackElo "2527"]
[WhiteTeam "Echiquier Chalonnais"]
[BlackTeam "Cappelle la Grande"]
[WhiteFideId "1710400"]
[BlackFideId "633429"]
[EventDate "2023.06.01"]

1. e4 c5 2. Nf3 Nc6 3. Bb5 g6 4. O-O Bg7 5. d3 d6 6. e5 dxe5 7. Bxc6+ bxc6 8.
Re1 c4 9. Nxe5 cxd3 10. cxd3 Qd4 11. Qf3 Qd5 12. Qg3 Nf6 13. Nc3 Qd6 14. Qf3 Bb7
15. Nc4 Qd8 16. Be3 O-O 17. Bc5 Re8 18. Ne5 Qc7 19. d4 a5 20. Rac1 Ra6 21. Ne4
Bc8 22. Ng5 Rf8 23. Ba3 Bb7 24. Ngxf7 c5 25. Qe2 Rxf7 26. Rxc5 Qd8 27. Nxf7 Kxf7
28. Rb5 Bc8 29. Bxe7 Qd7 30. Re5 Re6 31. Ba3 Qc6 32. h3 Rxe5 33. dxe5 Nh5 34.
Qd2 Ke8 35. Rc1 Qd7 36. Qe3 Bb7 37. Bd6 Qb5 38. Qa7 1-0

[Event "TCh-FRA Top 16 GpA 2023"]
[Site "Chartres FRA"]
[Date "2023.06.01"]
[Round "1.4"]
[Board "3"]
[White "Dardha, Daniel"]
[Black "Velten, Paul"]
[Result "1/2-1/2"]
[WhiteTitle "GM"]
[BlackTitle "GM"]
[WhiteElo "2619"]
[BlackElo "2493"]
[WhiteTeam "Cappelle la Grande"]
[BlackTeam "Echiquier Chalonnais"]
[WhiteFideId "240990"]
[BlackFideId "681091"]
[EventDate "2023.06.01"]

1. Nf3 d5 2. g3 Nf6 3. Bg2 c5 4. O-O e6 5. c4 d4 6. e3 Nc6 7. exd4 cxd4 8. d3
Bd6 9. Bg5 h6 10. Bxf6 Qxf6 11. a3 a5 12. Nbd2 Qd8 13. Rc1 O-O 14. Re1 Qc7 15.
c5 Be7 16. Ne4 Rd8 17. Nfd2 f5 18. Nd6 Bxd6 19. cxd6 Qxd6 20. Nc4 Qc7 21. b4
axb4 22. axb4 Nxb4 23. Qb3 Nc6 24. Nb6 Ra6 25. Nxc8 Qxc8 26. Rxe6 Kh8 27. Bh3
Rf8 28. Rce1 Qd7 29. Bg2 Raa8 30. Qb5 Rac8 31. Qc5 f4 32. Qh5 fxg3 33. hxg3 Qf7
34. Qxf7 Rxf7 35. Rb1 Rfc7 36. Be4 Kg8 37. Rb6 Kf8 38. Kg2 Rd7 39. Bg6 Ne7 40.
Be4 Rcc7 41. f4 Nc8 42. Rb4 Ne7 43. Kf3 Nc6 44. Rb5 Re7 45. Rg6 Ke8 46. Rd6 Kf8
47. Rdd5 Re6 48. g4 Ke7 49. Rb1 Rd6 50. Rc5 Kd8 51. g5 hxg5 52. Rxg5 Rf7 53.
Rbg1 Rdd7 54. Rh1 Kc7 55. Rc1 Rf6 56. Rcg1 Rff7 57. Kg4 Rf6 58. f5 Rff7 59. Rh1
Kd6 60. Rh8 Ne5+ 61. Kg3 Ke7 62. Kf4 Kd6 63. Re8 Rde7 64. Rd8+ Rd7 65. Re8 Rde7
66. Rd8+ Rd7 67. Ra8 Nc6 68. Rg8 Ne5 69. Ra8 Nc6 70. Re8 Rde7 71. Rg6+ Kc7 72.
Ra8 Ne5 73. Rg1 1/2-1/2

[Event "TCh-FRA Top 16 GpA 2023"]
[Site "Chartres FRA"]
[Date "2023.06.01"]
[Round "1.4"]
[Board "4"]
[White "Fedorchuk, Sergey A."]
[Black "Enchev, Ivajlo"]
[Result "1-0"]
[WhiteTitle "GM"]
[BlackTitle "GM"]
[WhiteElo "2579"]
[BlackElo "2437"]
[WhiteTeam "Echiquier Chalonnais"]
[BlackTeam "Cappelle la Grande"]
[WhiteFideId "14102536"]
[BlackFideId "2907712"]
[EventDate "2023.06.01"]

1. e4 c6 2. Nf3 d5 3. d3 g6 4. e5 Bg4 5. d4 f6 6. Bf4 Bg7 7. Nbd2 fxe5 8. dxe5
Nd7 9. h3 Bxf3 10. Nxf3 Qc7 11. Qe2 e6 12. g3 Nh6 13. h4 O-O-O 14. O-O-O Nf7 15.
Bh3 Rde8 16. Kb1 Qb6 17. c4 Kb8 18. Rd3 Nc5 19. Ra3 Bh6 20. Ng5 Bxg5 21. hxg5
Ne4 22. cxd5 cxd5 23. Be3 d4 24. Bg2 dxe3 25. Bxe4 Re7 26. f4 Rd8 27. Rxe3 Rd4
28. Rb3 Qa5 29. Rc1 Nd8 30. Rbc3 a6 31. a3 Red7 32. Qe3 Qb6 33. Rb3 Qa5 34. Bf3
Qa4 35. Rbc3 Qa5 36. Rc8+ Ka7 37. R1c3 1-0

[Event "TCh-FRA Top 16 GpA 2023"]
[Site "Chartres FRA"]
[Date "2023.06.01"]
[Round "1.4"]
[Board "5"]
[White "Jossien, Remy"]
[Black "David, Alberto"]
[Result "0-1"]
[BlackTitle "GM"]
[WhiteElo "2231"]
[BlackElo "2540"]
[WhiteTeam "Cappelle la Grande"]
[BlackTeam "Echiquier Chalonnais"]
[WhiteFideId "620238"]
[BlackFideId "4000013"]
[EventDate "2023.06.01"]

1. c4 e5 2. Nc3 Nf6 3. g3 c6 4. Bg2 d5 5. cxd5 cxd5 6. d3 Nc6 7. Nf3 h6 8. O-O
Be6 9. d4 e4 10. Ne5 Bd6 11. Nxc6 bxc6 12. f3 exf3 13. Bxf3 O-O 14. e4 dxe4 15.
Nxe4 Nxe4 16. Bxe4 Qb6 17. Be3 Rae8 18. Qf3 Bd5 19. Bxd5 cxd5 20. Rad1 Qxb2 21.
Bxh6 Re6 22. Bf4 Bxf4 23. Qxf4 Re2 24. Rf2 Qxa2 25. Rdf1 a5 26. h4 Qc2 27. h5
Rxf2 28. Qxf2 Qd3 29. Qf4 a4 30. h6 gxh6 31. Qxh6 Qxd4+ 32. Kh2 Qh8 33. Qxh8+
Kxh8 34. Rd1 a3 35. Rxd5 Ra8 36. Rd1 a2 37. Ra1 Kg7 38. Kg2 Ra3 39. Kf1 Kg6 40.
Kf2 Kg5 41. Kf1 Kg4 42. Kf2 f5 0-1

[Event "TCh-FRA Top 16 GpA 2023"]
[Site "Chartres FRA"]
[Date "2023.06.01"]
[Round "1.4"]
[Board "6"]
[White "Dorfman, Iossif"]
[Black "Maugenest, Ghislain"]
[Result "0-1"]
[WhiteTitle "GM"]
[WhiteElo "2541"]
[BlackElo "2212"]
[WhiteTeam "Echiquier Chalonnais"]
[BlackTeam "Cappelle la Grande"]
[WhiteFideId "604011"]
[BlackFideId "36029483"]
[EventDate "2023.06.01"]

1. c4 e5 2. Nc3 Nf6 3. g3 d5 4. cxd5 Nxd5 5. Bg2 Nb6 6. Nf3 Nc6 7. O-O Be7 8. b3
O-O 9. Bb2 f5 10. d4 e4 11. Ne5 Nxe5 12. dxe5 c6 13. e3 Qxd1 14. Raxd1 a5 15. g4
f4 16. Nxe4 Bxg4 17. f3 Be6 18. exf4 Nd5 19. Bc1 a4 20. Rd4 axb3 21. axb3 b5 22.
Nd6 Bd8 23. Re4 Bb6+ 24. Kh1 g6 25. f5 gxf5 26. Rh4 Be3 27. b4 Ra2 28. Bh3 Bxc1
29. Rxc1 Rf2 30. Rh6 Nf4 31. Rh4 Rxf3 32. Rxf4 Rxf4 33. Bg2 Ra8 34. Bxc6 Ra2 35.
Nxb5 Rxb4 36. Nc7 Kf7 37. Bd5 Bxd5+ 38. Nxd5 Rd4 39. Ne3 Ke6 40. Rf1 f4 0-1

[Event "TCh-FRA Top 16 GpA 2023"]
[Site "Chartres FRA"]
[Date "2023.06.01"]
[Round "1.4"]
[Board "7"]
[White "Lam, Sophie"]
[Black "Bournel, Antoine"]
[Result "0-1"]
[BlackTitle "IM"]
[WhiteElo "2076"]
[BlackElo "2354"]
[WhiteTeam "Cappelle la Grande"]
[BlackTeam "Echiquier Chalonnais"]
[WhiteFideId "633704"]
[BlackFideId "26093553"]
[EventDate "2023.06.01"]

1. e4 c6 2. d4 d5 3. f3 dxe4 4. fxe4 e5 5. Nf3 Bg4 6. Bc4 Nd7 7. O-O Ngf6 8. c3
Bd6 9. Bg5 h6 10. Bh4 g5 11. Bg3 Qe7 12. Nbd2 O-O-O 13. Qb3 Bxf3 14. Rxf3 exd4
15. cxd4 Bxg3 16. hxg3 Qd6 17. Qc3 Ng4 18. Rd1 f6 19. Bb3 Kb8 20. Nc4 Qe7 21.
Bc2 h5 22. Rf5 h4 23. Ra5 Nb6 24. e5 Nxc4 25. Qxc4 hxg3 26. Qe2 0-1

[Event "TCh-FRA Top 16 GpA 2023"]
[Site "Chartres FRA"]
[Date "2023.06.01"]
[Round "1.4"]
[Board "8"]
[White "Alexieva, Silvia"]
[Black "Feryn, Benjamin"]
[Result "1-0"]
[WhiteTitle "IM"]
[WhiteElo "2213"]
[BlackElo "2171"]
[WhiteTeam "Echiquier Chalonnais"]
[BlackTeam "Cappelle la Grande"]
[WhiteFideId "2902265"]
[BlackFideId "681032"]
[EventDate "2023.06.01"]

1. c4 g6 2. e4 Bg7 3. d4 d6 4. Nc3 e5 5. Nf3 exd4 6. Nxd4 Nc6 7. Be3 Nge7 8. Be2
O-O 9. O-O f5 10. Qd2 fxe4 11. Nxe4 Nf5 12. Nxf5 Bxf5 13. Nc3 Qd7 14. h3 Rae8
15. Rad1 b6 16. Rfe1 Kh8 17. a3 a5 18. Bf1 Qf7 19. b3 Bc8 20. Nd5 Bb7 21. f4 Nd8
22. b4 axb4 23. axb4 Ne6 24. g3 Ra8 25. Bf2 Ra3 26. Bg2 Re8 27. Re2 Ra1 28. Rxa1
Bxa1 29. Qe1 Bg7 30. Nxc7 Nxc7 31. Rxe8+ Nxe8 32. Bxb7 Nf6 33. Bg2 Qxc4 34. Bxb6
d5 35. Qe7 h6 36. Bc7 Ne4 37. Kh2 Qd3 38. f5 gxf5 39. Qd7 Nc3 40. h4 d4 41. h5
Qb5 42. Qxb5 Nxb5 43. Bf4 Nc3 44. Bf1 Nd5 45. Bd6 Bf6 46. b5 Bd8 47. Be5+ Bf6
48. Bxf6+ Nxf6 49. b6 Nd7 50. b7 Kg7 51. Bb5 Nb8 52. Kg2 Kf6 53. Kf3 Ke5 54. Bf1
Nc6 55. Bg2 Kd6 56. Kf4 Nb8 57. Kxf5 d3 58. Bf3 1-0

[Event "TCh-FRA Top 16 GpA 2023"]
[Site "Chartres FRA"]
[Date "2023.06.02"]
[Round "2.1"]
[Board "1"]
[White "Ivanchuk, Vasyl"]
[Black "Topalov, Veselin"]
[Result "1/2-1/2"]
[WhiteTitle "GM"]
[BlackTitle "GM"]
[WhiteElo "2655"]
[BlackElo "2728"]
[WhiteTeam "C'Chartres Echecs"]
[BlackTeam "Echiquier Chalonnais"]
[WhiteFideId "14100010"]
[BlackFideId "2900084"]
[EventDate "2023.06.01"]

1. d4 Nf6 2. c4 e6 3. Nf3 d5 4. Nc3 Be7 5. Bg5 h6 6. Bh4 dxc4 7. e3 c5 8. Bxc4
cxd4 9. Qxd4 O-O 10. Rd1 Qxd4 11. Nxd4 Bd7 12. O-O Nc6 13. Be2 Nxd4 14. Rxd4 Bc6
15. Rfd1 Rfd8 1/2-1/2

[Event "TCh-FRA Top 16 GpA 2023"]
[Site "Chartres FRA"]
[Date "2023.06.02"]
[Round "2.1"]
[Board "2"]
[White "Korobov, Anton"]
[Black "Mamedov, Rauf"]
[Result "1/2-1/2"]
[WhiteTitle "GM"]
[BlackTitle "GM"]
[WhiteElo "2661"]
[BlackElo "2642"]
[WhiteTeam "Echiquier Chalonnais"]
[BlackTeam "C'Chartres Echecs"]
[WhiteFideId "14105730"]
[BlackFideId "13401653"]
[EventDate "2023.06.01"]

1. d4 d5 2. c4 dxc4 3. Nf3 Nf6 4. Nc3 a6 5. e4 b5 6. e5 Nd5 7. a4 e6 8. axb5 Bb4
9. Qc2 Nb6 10. Qe4 Qd5 11. Qg4 axb5 12. Rxa8 Qxa8 13. Qxg7 Bxc3+ 14. bxc3 Qa1
15. Qxh8+ Kd7 16. Kd1 Qa4+ 17. Ke1 Qa1 18. Kd1 Qa4+ 1/2-1/2

[Event "TCh-FRA Top 16 GpA 2023"]
[Site "Chartres FRA"]
[Date "2023.06.02"]
[Round "2.1"]
[Board "3"]
[White "Kamsky, Gata"]
[Black "Fedorchuk, Sergey A."]
[Result "1/2-1/2"]
[WhiteTitle "GM"]
[BlackTitle "GM"]
[WhiteElo "2659"]
[BlackElo "2579"]
[WhiteTeam "C'Chartres Echecs"]
[BlackTeam "Echiquier Chalonnais"]
[WhiteFideId "2000024"]
[BlackFideId "14102536"]
[EventDate "2023.06.01"]

1. d4 Nf6 2. Bg5 e6 3. Nd2 c5 4. e4 cxd4 5. e5 Qa5 6. Bf4 Nd5 7. Bg3 Ne3 8. fxe3
dxe3 9. c3 exd2+ 10. Qxd2 Nc6 11. Nf3 b5 12. Bd3 b4 13. O-O bxc3 14. bxc3 1/2-1/2

[Event "TCh-FRA Top 16 GpA 2023"]
[Site "Chartres FRA"]
[Date "2023.06.02"]
[Round "2.1"]
[Board "4"]
[White "Grandelius, Nils"]
[Black "Lagarde, Maxime"]
[Result "1/2-1/2"]
[WhiteTitle "GM"]
[BlackTitle "GM"]
[WhiteElo "2674"]
[BlackElo "2597"]
[WhiteTeam "Echiquier Chalonnais"]
[BlackTeam "C'Chartres Echecs"]
[WhiteFideId "1710400"]
[BlackFideId "662399"]
[EventDate "2023.06.01"]

1. e4 c5 2. Nf3 e6 3. d4 cxd4 4. Nxd4 Nf6 5. Nc3 Nc6 6. a3 Be7 7. Nxc6 bxc6 8.
e5 Nd5 9. Qg4 g6 10. Bd2 d6 11. exd6 Qxd6 12. Qg3 Rb8 13. O-O-O e5 14. Bh6 f6
15. Bc4 Be6 16. Qf3 f5 17. Nxd5 cxd5 18. Bxd5 Kf7 19. g4 e4 20. Bxe6+ Qxe6 21.
gxf5 gxf5 22. Qh5+ Qg6 23. Qxg6+ hxg6 24. Be3 Rb7 25. Rd5 Ke6 26. Ra5 g5 27. Bd4
Rd8 28. Re5+ Kf7 29. c3 Kg6 30. h4 gxh4 31. Rg1+ Bg5+ 32. Be3 Kf6 33. Bxg5+ Kxe5
34. Bxd8 Rh7 35. Bg5 f4 36. Kd2 Kf5 37. Bxh4 Rxh4 1/2-1/2

[Event "TCh-FRA Top 16 GpA 2023"]
[Site "Chartres FRA"]
[Date "2023.06.02"]
[Round "2.1"]
[Board "5"]
[White "Guliyev, Namig"]
[Black "Velten, Paul"]
[Result "1-0"]
[WhiteTitle "GM"]
[BlackTitle "GM"]
[WhiteElo "2521"]
[BlackElo "2493"]
[WhiteTeam "C'Chartres Echecs"]
[BlackTeam "Echiquier Chalonnais"]
[WhiteFideId "13400363"]
[BlackFideId "681091"]
[EventDate "2023.06.01"]

1. e4 e6 2. d4 d5 3. Nc3 Nf6 4. e5 Nfd7 5. f4 c5 6. Nf3 Nc6 7. Be3 Be7 8. Qd2 a6
9. dxc5 Nxc5 10. O-O-O Qa5 11. Kb1 b5 12. g4 b4 13. Ne2 Ne4 14. Qe1 O-O 15. Nfd4
Nxd4 16. Nxd4 Qc7 17. Bd3 Bc5 18. g5 Qb6 19. Bxe4 dxe4 20. Qf2 Re8 21. Rhe1 a5
22. Nb3 Bxe3 23. Qxe3 Qb8 24. Nc5 Bb7 25. Rd6 Bd5 26. Nxe4 a4 27. Rb6 Qc7 28.
Rxb4 a3 29. b3 Rac8 30. Rc1 Bxe4 31. Rxe4 Red8 32. Rc4 Qb7 33. Rxc8 Rxc8 34. Rd1
g6 35. h4 Qg2 36. Qc1 Qe4 37. Rd3 Kg7 38. Qxa3 Qxf4 39. Qc1 Qxh4 40. a4 Rc5 41.
Qe3 Qb4 42. Qf2 Rc8 43. Rd7 Rf8 44. Kb2 Qa5 45. Qf4 Kg8 46. Qd4 Qa8 47. Ra7 Qg2
48. Qf4 Qc6 49. b4 Qb6 50. Ra5 Rc8 51. Qe4 Kg7 52. Rb5 Qf2 53. a5 Rd8 54. Qc4
Rd1 55. Rc5 Qg1 56. Qf4 Rb1+ 57. Ka3 Ra1+ 58. Kb3 Qb1+ 59. Kc4 Qxc2+ 60. Kb5
Qd3+ 61. Kb6 Qd8+ 62. Kb7 Qd7+ 63. Rc7 Qb5+ 64. Ka7 Rxa5+ 65. bxa5 Qxa5+ 66. Kb8
Qb6+ 67. Kc8 Qa6+ 68. Kd8 Qa8+ 69. Kd7 Qd5+ 70. Ke7 1-0

[Event "TCh-FRA Top 16 GpA 2023"]
[Site "Chartres FRA"]
[Date "2023.06.02"]
[Round "2.1"]
[Board "6"]
[White "David, Alberto"]
[Black "Maurizzi, Marc'Andria"]
[Result "1/2-1/2"]
[WhiteTitle "GM"]
[BlackTitle "GM"]
[WhiteElo "2540"]
[BlackElo "2548"]
[WhiteTeam "Echiquier Chalonnais"]
[BlackTeam "C'Chartres Echecs"]
[WhiteFideId "4000013"]
[BlackFideId "36083534"]
[EventDate "2023.06.01"]

1. Nf3 c5 2. c4 e6 3. g3 b6 4. Bg2 Bb7 5. O-O Nf6 6. Nc3 Be7 7. d4 cxd4 8. Qxd4
Nc6 9. Qf4 O-O 10. Rd1 Qb8 11. b3 Rd8 12. h3 h6 13. Rb1 Qxf4 14. Bxf4 Rac8 15.
Nd4 g5 16. Be3 d5 17. Nxc6 Bxc6 18. cxd5 Ba8 19. Rd3 Nxd5 20. Nxd5 Bxd5 21. Bxd5
Rxd5 22. Rxd5 exd5 23. Rd1 Rc2 24. Rd2 Rxd2 25. Bxd2 f5 1/2-1/2

[Event "TCh-FRA Top 16 GpA 2023"]
[Site "Chartres FRA"]
[Date "2023.06.02"]
[Round "2.1"]
[Board "7"]
[White "Bauer, Christian"]
[Black "Dorfman, Iossif"]
[Result "0-1"]
[WhiteTitle "GM"]
[BlackTitle "GM"]
[WhiteElo "2593"]
[BlackElo "2541"]
[WhiteTeam "C'Chartres Echecs"]
[BlackTeam "Echiquier Chalonnais"]
[WhiteFideId "603767"]
[BlackFideId "604011"]
[EventDate "2023.06.01"]

1. e4 e5 2. Nf3 Nc6 3. Bb5 a6 4. Ba4 Nf6 5. d3 Bc5 6. Bxc6 dxc6 7. Nbd2 Be6 8.
O-O Qd6 9. b3 Nd7 10. Ng5 Nf8 11. Qh5 g6 12. Qf3 Qe7 13. Nxe6 Nxe6 14. c3 b5 15.
b4 Bb6 16. Nb3 O-O 17. a4 Rfd8 18. Rd1 a5 19. bxa5 Bxa5 20. Bb2 Bb6 21. a5 Ba7
22. g3 Ng5 23. Qe2 Nh3+ 24. Kg2 Nxf2 25. Ba3 Qe6 26. Nc5 Bxc5 27. Bxc5 Nxd1 28.
Qxd1 f5 29. Qe2 fxe4 30. dxe4 Qb3 31. Ra3 Qc4 32. Qxc4+ bxc4 33. a6 Rdb8 34. a7
Rb5 35. Be3 c5 36. Ra6 Kf7 37. h4 Ke8 38. Kh3 Kd7 39. Kg4 Kc8 40. Kg5 Kb7 41.
Re6 Rxa7 42. Rxe5 Ra3 43. Bf4 Rxc3 44. Re7 Rf3 45. Rxc7+ Kb6 46. Rf7 Rbb3 47. e5
c3 48. e6 c2 49. Bd2 Kc6 50. Kh6 Kd6 51. e7 Kd7 52. Rxh7 Rxg3 53. Rf7 Rbf3 0-1

[Event "TCh-FRA Top 16 GpA 2023"]
[Site "Chartres FRA"]
[Date "2023.06.02"]
[Round "2.1"]
[Board "8"]
[White "Alexieva, Silvia"]
[Black "Daulyte-Cornette, Deimante"]
[Result "1/2-1/2"]
[WhiteTitle "IM"]
[BlackTitle "IM"]
[WhiteElo "2213"]
[BlackElo "2354"]
[WhiteTeam "Echiquier Chalonnais"]
[BlackTeam "C'Chartres Echecs"]
[WhiteFideId "2902265"]
[BlackFideId "12802859"]
[EventDate "2023.06.01"]

1. c4 e5 2. Nc3 Bb4 3. Qc2 Nf6 4. Nf3 Bxc3 5. Qxc3 d6 6. d3 h6 7. b4 a5 8. b5
Nbd7 9. g3 Nc5 10. Nd2 O-O 11. Bg2 a4 12. Ba3 Re8 13. O-O Ra7 14. Rfe1 Ne6 15.
Ne4 Nxe4 16. dxe4 b6 17. Rad1 Bb7 18. e3 Qa8 19. f3 Rf8 20. Qc2 Qe8 21. f4 f6
22. Rd2 Ra8 23. f5 Ng5 1/2-1/2

[Event "TCh-FRA Top 16 GpA 2023"]
[Site "Chartres FRA"]
[Date "2023.06.02"]
[Round "2.2"]
[Board "1"]
[White "Pichot, Alan"]
[Black "Fedoseev, Vladimir3"]
[Result "0-1"]
[WhiteTitle "GM"]
[BlackTitle "GM"]
[WhiteElo "2638"]
[BlackElo "2676"]
[WhiteTeam "Lyon Olympique Echecs"]
[BlackTeam "Cappelle la Grande"]
[WhiteFideId "110973"]
[BlackFideId "24130737"]
[EventDate "2023.06.01"]

1. e4 c5 2. Nf3 d6 3. d4 cxd4 4. Nxd4 Nf6 5. Nc3 a6 6. Bd3 g6 7. Be2 Bg7 8. Be3
Nc6 9. Qd2 Ng4 10. Bxg4 Bxg4 11. f3 Be6 12. O-O-O Qa5 13. Kb1 Rc8 14. Nb3 Bxc3
15. Nxa5 Bxd2 16. Bxd2 Nxa5 17. Bxa5 g5 18. Bc3 Rg8 19. Rd2 f6 20. Bd4 Kf7 21.
b3 b5 22. Kb2 h5 23. Ra1 Bd7 24. Re1 Rc7 25. Re3 Rb7 26. Re1 a5 27. g3 Bc6 28.
Kc1 a4 29. Bb2 Ra7 30. Kb1 Rd7 31. Ba3 Rgd8 32. f4 gxf4 33. gxf4 Rg8 34. Rf2 Ke6
35. Bc1 Rdd8 36. Rf3 Rg2 37. Rh3 Rh8 38. Rh4 Kf7 39. f5 Bb7 40. Re3 Rc8 41. c3
Rcg8 42. h3 Rf2 43. Re1 Rgg2 44. Rxh5 Rxa2 45. bxa4 Rxa4 46. Rh4 Raa2 47. Rh7+
Ke8 48. Rh8+ Kd7 49. Rb8 Bc6 0-1

[Event "TCh-FRA Top 16 GpA 2023"]
[Site "Chartres FRA"]
[Date "2023.06.02"]
[Round "2.2"]
[Board "2"]
[White "Dardha, Daniel"]
[Black "Grigoryan, Karen H."]
[Result "0-1"]
[WhiteTitle "GM"]
[BlackTitle "GM"]
[WhiteElo "2619"]
[BlackElo "2626"]
[WhiteTeam "Cappelle la Grande"]
[BlackTeam "Lyon Olympique Echecs"]
[WhiteFideId "240990"]
[BlackFideId "13301004"]
[EventDate "2023.06.01"]

1. d4 d5 2. c4 e6 3. Nf3 Nf6 4. cxd5 exd5 5. Nc3 c6 6. Bg5 Be7 7. Qc2 g6 8. e3
Bf5 9. Bd3 Bxd3 10. Qxd3 Nbd7 11. h4 O-O 12. O-O-O b5 13. Bxf6 Nxf6 14. Ne5 b4
15. Na4 Ne4 16. Qc2 Rc8 17. f3 Ng3 18. Rh3 Nf5 19. f4 Qa5 20. Kb1 h5 21. g4 hxg4
22. Nxg4 c5 23. dxc5 Bxc5 24. Rxd5 Qa6 25. Qd1 Be7 26. e4 Rfd8 27. Rhd3 Rxd5 28.
Rxd5 Ng3 29. Ne5 Nxe4 30. Qd3 Qxd3+ 31. Rxd3 Bxh4 32. Rd4 f5 33. Nxg6 Bf6 34.
Rd7 Rc6 35. Rd5 Kf7 36. Ne5+ Bxe5 37. fxe5 Ke6 38. Rd8 f4 39. b3 f3 40. Rf8 f2
41. Kb2 Kxe5 0-1

[Event "TCh-FRA Top 16 GpA 2023"]
[Site "Chartres FRA"]
[Date "2023.06.02"]
[Round "2.2"]
[Board "3"]
[White "Ter-Sahakyan, Samvel"]
[Black "Nikolov, Momchil"]
[Result "1/2-1/2"]
[WhiteTitle "GM"]
[BlackTitle "GM"]
[WhiteElo "2598"]
[BlackElo "2506"]
[WhiteTeam "Lyon Olympique Echecs"]
[BlackTeam "Cappelle la Grande"]
[WhiteFideId "13302531"]
[BlackFideId "2905710"]
[EventDate "2023.06.01"]

1. d4 Nf6 2. c4 e6 3. Nc3 Bb4 4. e3 O-O 5. a3 Bxc3+ 6. bxc3 c5 7. Ne2 Nc6 8. Ng3
b6 9. e4 Ba6 10. Bg5 h6 11. h4 cxd4 12. cxd4 d6 13. f4 e5 14. fxe5 dxe5 15. d5
Nd4 16. Be3 Re8 17. Bd3 Bc8 18. Be2 Nxe2 19. Qxe2 Ng4 20. Nf1 f5 21. exf5 Bxf5
22. Bd2 Rc8 23. Ne3 Nxe3 24. Bxe3 Rf8 25. a4 Qf6 26. a5 Qg6 27. O-O 1/2-1/2

[Event "TCh-FRA Top 16 GpA 2023"]
[Site "Chartres FRA"]
[Date "2023.06.02"]
[Round "2.2"]
[Board "4"]
[White "Edouard, Romain"]
[Black "Vernay, Clovis"]
[Result "0-1"]
[WhiteTitle "GM"]
[BlackTitle "GM"]
[WhiteElo "2527"]
[BlackElo "2491"]
[WhiteTeam "Cappelle la Grande"]
[BlackTeam "Lyon Olympique Echecs"]
[WhiteFideId "633429"]
[BlackFideId "633046"]
[EventDate "2023.06.01"]

1. e4 e6 2. d4 d5 3. e5 c5 4. c3 Nc6 5. Nf3 Qb6 6. Be2 Nh6 7. Bxh6 gxh6 8. Qd2
Bd7 9. O-O a6 10. Re1 Bg7 11. Qe3 Qxb2 12. Nbd2 Qa3 13. dxc5 Rc8 14. Nb3 Na5 15.
Nfd4 Nxb3 16. Nxb3 a5 17. Qg3 O-O 18. Bh5 a4 19. Nd4 Qxc5 20. Re3 Kh8 21. Qh4
Qc7 22. Rae1 f6 23. Nf3 Qc4 24. exf6 Bxf6 25. Qg3 Rg8 26. Qh3 Rg7 27. Ne5 Bxe5
28. Rxe5 Qxc3 29. g3 Qd4 30. Bf3 Rf7 31. Qh5 Rcf8 32. R1e3 Kg7 33. Qg4+ Qxg4 34.
Bxg4 Rxf2 35. Bxe6 Bxe6 36. Rxe6 Rxa2 37. Rd6 Rd2 0-1

[Event "TCh-FRA Top 16 GpA 2023"]
[Site "Chartres FRA"]
[Date "2023.06.02"]
[Round "2.2"]
[Board "5"]
[White "Crut, Aurelien"]
[Black "Feryn, Benjamin"]
[Result "0-1"]
[WhiteTitle "IM"]
[WhiteElo "2343"]
[BlackElo "2171"]
[WhiteTeam "Lyon Olympique Echecs"]
[BlackTeam "Cappelle la Grande"]
[WhiteFideId "610569"]
[BlackFideId "681032"]
[EventDate "2023.06.01"]

1. e4 e5 2. Nf3 Nc6 3. Bb5 Nge7 4. O-O Ng6 5. d4 Nxd4 6. Nxd4 exd4 7. Qxd4 c6 8.
Be2 Qb6 9. Qd3 Be7 10. Be3 Qxb2 11. Bd4 Qb4 12. Bxg7 Rg8 13. Bc3 Qc5 14. Bd4 Qg5
15. g3 Nf4 16. Qf3 d6 17. Nc3 Bh3 18. Rfe1 Ne6 19. Be3 Qg7 20. Qh5 Bf6 21. Bd2
Bxc3 22. Bxc3 Qxc3 23. Qxh3 Nf4 24. Qf1 Qxc2 25. Bf3 Qd3 26. Re3 Qxf1+ 27. Kxf1
Ne6 28. Rb1 b6 29. Be2 Ke7 30. f4 Rab8 31. Bf3 Nd4 32. Bg2 Rgd8 33. a4 a6 34. e5
d5 35. Rd3 Ne6 36. Rdb3 b5 37. Ra1 b4 38. Rc1 c5 39. f5 Nd4 40. f6+ Ke8 41. Rd3
b3 42. Rb1 c4 43. Rxd4 c3 44. Rdd1 c2 45. Ke1 cxd1=Q+ 46. Kxd1 Rdc8 47. Bf1 Rc6
48. Bd3 h6 49. Kd2 b2 50. Bc2 Rb4 51. Bd3 Kd8 52. Bc2 a5 53. Bd3 Re6 54. Kc3
Rc6+ 55. Kd2 Re6 56. Kc3 Rxe5 57. Rxb2 Rxb2 58. Kxb2 Kc7 59. g4 Re6 60. Kc3 Rxf6
61. Bf5 Rc6+ 62. Kd4 Kd6 63. Bd3 Rc1 0-1